000
00258nam a2200109Ia 4500
008
201231s9999 xx 000 0 und d
100
_a
Shourie, Arun
245
0
_a
Worshipping false Gods
260
_a
New Delhi
_b
Harper Collins
300
_a
663
942
_c
BK
999
_c
10293
_d
10293